000 00614nam a2200241 i 4500
001 C2-0225302
003 PPAK
005 20180728153545.0
008 000606s1998 nyu |||| ||||| | eng d
020 _a0446607452
040 _aPPAK
_beng
_cPPAK
_erda
082 0 4 _a823
_223
090 0 0 _a823
_bWAL
_dG
100 1 _aWalsh, Michael,
_eauthor
245 1 0 _aAs time goes by
264 1 _aNew York :
_bWarner Books ,
_c1998
300 _a404 pages ;
_c17 cm
336 _2rdacontent
_atext
337 _2rdamedia
_aunmediated
338 _2rdacarrier
_avolume
650 1 0 _aEnglish fiction
942 _ddc
_cB
999 _c146024
_d146024